[Event "Titled Tuesday intern op 11th Feb Early"]
[Site "Chess.com INT"]
[Date "2025.02.11"]
[Round "11"]
[White "Melikhov, Evgeny V"]
[Black "Marcziter, Dmitrii"]
[Result "1/2-1/2"]
[WhiteElo "2138"]
[BlackElo "2223"]
[PlyCount "99"]
[EventDate "2025.02.11"]
[EventType "swiss (blitz)"]
[EventRounds "11"]
[EventCountry "USA"]
[SourceTitle "CB08_2025"]
[SourceDate "2025.02.19"]
[SourceVersion "1"]
[SourceVersionDate "2025.02.19"]
[SourceQuality "1"]

1. d4 Nf6 2. c4 g6 3. Nc3 Bg7 4. e4 d6 5. Be2 0-0 6. Nf3 Na6 7. Bg5 h6 8. Be3 c5 9. d5 e6 10. h3 Re8 11. 0-0 Nc7 12. e5 dxe5 13. d6 Na6 14. Nxe5 Nd7 15. Nf3 b6 16. Qd2 Kh7 17. Rad1 Bb7 18. Nb5 Bc6 19. a3 Qb8 20. h4 Qb7 21. h5 Rad8 22. hxg6+ fxg6 23. Rfe1 Nf6 24. Ne5 Ne4 25. Nxc6 Nxd2 26. Nxd8 Rxd8 27. Rxd2 Qf7 28. Bf3 Nb8 29. Red1 Nd7 30. Nxa7 Ne5 31. Nc6 Nxf3+ 32. gxf3 Rd7 33. f4 Qf5 34. Nb8 Qg4+ 35. Kf1 Rd8 36. d7 Qf3 37. Rd6 e5 38. Nc6 exf4 39. Bxf4 Rxd7 40. Rxd7 Qxf4 41. R1d6 Qxc4+ 42. Kg2 Qg4+ 43. Kf1 h5 44. Nd8 Kg8 45. Ne6 Bh6 46. Rc6 Qc4+ 47. Kg1 Qg4+ 48. Kf1 Qh3+ 49. Kg1 Qg4+ 50. Kf1 1/2-1/2

[Event "Titled Tuesday intern op 11th Feb Early"]
[Site "Chess.com INT"]
[Date "2025.02.11"]
[Round "4"]
[White "Montero Martinez, Cristian"]
[Black "Melikhov, Evgeny V"]
[Result "1-0"]
[WhiteElo "2028"]
[BlackElo "2138"]
[PlyCount "69"]
[EventDate "2025.02.11"]
[EventType "swiss (blitz)"]
[EventRounds "11"]
[EventCountry "USA"]
[SourceTitle "CB09_2025"]
[SourceDate "2025.02.27"]
[SourceVersion "1"]
[SourceVersionDate "2025.02.27"]
[SourceQuality "1"]

1. e4 c5 2. Nf3 d6 3. Bb5+ Nd7 4. a4 g6 5. d3 Bg7 6. Nbd2 a6 7. Bxd7+ Bxd7 8. a5 Nf6 9. Nc4 0-0 10. Nb6 Rb8 11. c4 Bc6 12. Bd2 Nd7 13. Nxd7 Qxd7 14. Bc3 e5 15. b4 cxb4 16. Bxb4 b5 17. axb6 Rxb6 18. Ba5 Rb2 19. Bc3 Rb6 20. 0-0 Rfb8 21. Ra5 Rb1 22. Qxb1 Rxb1 23. Rxb1 Bb7 24. Bd2 h6 25. Ra3 f5 26. Rab3 Bc6 27. Nh4 Kh7 28. exf5 gxf5 29. Rb6 f4 30. Rxa6 Bf6 31. Rbb6 Bb7 32. Ra7 Qg4 33. Rbxb7+ Bg7 34. Rxg7+ Qxg7 35. Rxg7+ 1-0

[Event "Titled Tuesday intern op 11th Feb Early"]
[Site "Chess.com INT"]
[Date "2025.02.11"]
[Round "1"]
[White "Riehle, Marco"]
[Black "Melikhov, Evgeny V"]
[Result "1/2-1/2"]
[WhiteElo "2368"]
[BlackElo "2138"]
[PlyCount "95"]
[EventDate "2025.02.11"]
[EventType "swiss (blitz)"]
[EventRounds "11"]
[EventCountry "USA"]
[SourceTitle "CB09_2025"]
[SourceDate "2025.02.27"]
[SourceVersion "1"]
[SourceVersionDate "2025.02.27"]
[SourceQuality "1"]

1. e4 e5 2. Nf3 Nc6 3. Bc4 Nf6 4. d4 exd4 5. 0-0 Nxe4 6. Nc3 Nxc3 7. bxc3 d5 8. Bd3 Be7 9. Re1 0-0 10. cxd4 Bg4 11. c3 Bh5 12. Bf4 Bg6 13. Bxg6 hxg6 14. Ne5 Nxe5 15. Bxe5 Bd6 16. Qb3 Bxe5 17. Rxe5 c6 18. Qxb7 Qb6 19. Qxb6 axb6 20. a4 Ra5 21. g3 b5 22. Re7 bxa4 23. Ra3 Rb8 24. Re1 Rb3 25. Rxb3 axb3 26. Rb1 Rb5 27. Kf1 Kf8 28. Ke2 Ke7 29. Kd2 Kd6 30. Kc1 c5 31. dxc5+ Kxc5 32. Kb2 Ra5 33. Kxb3 Rb5+ 34. Kc2 Rxb1 35. Kxb1 Kc4 36. Kc2 g5 37. g4 d4 38. cxd4 Kxd4 39. Kd2 Ke4 40. Ke2 Kf4 41. f3 f5 42. gxf5 Kxf5 43. Kf1 g4 44. Kg2 gxf3+ 45. Kxf3 g5 46. Kg3 g4 47. h4 gxh3 48. Kxh3 1/2-1/2

[Event "Titled Tuesday intern op 04th Feb Late"]
[Site "Chess.com INT"]
[Date "2025.02.04"]
[Round "4"]
[White "Antunez, Soler Luis"]
[Black "Melikhov, Evgeny V"]
[Result "1-0"]
[WhiteElo "2200"]
[BlackElo "2138"]
[PlyCount "51"]
[EventDate "2025.02.04"]
[EventType "swiss (blitz)"]
[EventRounds "11"]
[EventCountry "USA"]
[SourceTitle "CB07_2025"]
[SourceDate "2025.02.12"]
[SourceVersion "1"]
[SourceVersionDate "2025.02.12"]
[SourceQuality "1"]

1. e4 e5 2. Nf3 Nc6 3. Bc4 Nf6 4. d3 Be7 5. c3 0-0 6. Bb3 d5 7. Qe2 dxe4 8. dxe4 Be6 9. Bc2 h6 10. Nbd2 Nd7 11. Nf1 f6 12. Ng3 Bf7 13. Nh4 Nc5 14. Nhf5 Ne6 15. Qg4 Kh7 16. Bb3 Rg8 17. Qh3 Ng5 18. Bxg5 fxg5 19. Bxf7 Rf8 20. Bd5 Bc5 21. 0-0-0 Qf6 22. Nh5 Qg6 23. Nhxg7 Bxf2 24. Rhf1 Bc5 25. g4 Rad8 26. Ne6 1-0

[Event "Titled Tuesday intern op 04th Feb Late"]
[Site "Chess.com INT"]
[Date "2025.02.04"]
[Round "2"]
[White "Boyer, Mahel"]
[Black "Melikhov, Evgeny V"]
[Result "1-0"]
[WhiteElo "2509"]
[BlackElo "2138"]
[PlyCount "45"]
[EventDate "2025.02.04"]
[EventType "swiss (blitz)"]
[EventRounds "11"]
[EventCountry "USA"]
[SourceTitle "CB07_2025"]
[SourceDate "2025.02.12"]
[SourceVersion "1"]
[SourceVersionDate "2025.02.12"]
[SourceQuality "1"]

1. Nf3 d5 2. b3 Bg4 3. Bb2 Bxf3 4. exf3 Nd7 5. g3 e6 6. Bg2 Ndf6 7. 0-0 Bd6 8. d4 Ne7 9. Nd2 0-0 10. f4 Nf5 11. c4 c6 12. Nf3 a5 13. a4 Bb4 14. Qc2 Bd6 15. Rfe1 h6 16. Rad1 h5 17. h3 h4 18. g4 Ne7 19. Ne5 Rc8 20. Qe2 Bb4 21. Rf1 Nd7 22. Nf3 Ng6 23. Bc1 1-0